Temporary propping of deep excavations - guidance on design (Record no. 100204)

MARC details
000 -LEADER
fixed length control field 00637cam a2200241 4500
008 - FIXED-LENGTH DATA ELEMENTS--GENERAL INFORMATION
fixed length control field 000000n1999 000 0 eng u
020 ## - INTERNATIONAL STANDARD BOOK NUMBER
International Standard Book Number 0860175170
035 ## - SYSTEM CONTROL NUMBER
System control number (Sirsi) u104052
050 ## - LIBRARY OF CONGRESS CALL NUMBER
Classification number 624.152
100 ## - MAIN ENTRY--PERSONAL NAME
Personal name Twine, David
245 ## - TITLE STATEMENT
Title Temporary propping of deep excavations - guidance on design
260 ## - PUBLICATION, DISTRIBUTION, ETC.
Place of publication, distribution, etc. London
Name of publisher, distributor, etc. CIRIA
Date of publication, distribution, etc. 1999
300 ## - PHYSICAL DESCRIPTION
Extent 228p. ; 30cm.
350 ## - PRICE (NR) (BK AM CF MU VM SE) [OBSOLETE]
Price 90.00
490 ## - SERIES STATEMENT
Series statement CIRIA
Volume/sequential designation C517
650 ## - SUBJECT ADDED ENTRY--TOPICAL TERM
Topical term or geographic name entry element GROUND MOVEMENTS
650 ## - SUBJECT ADDED ENTRY--TOPICAL TERM
Topical term or geographic name entry element EXCAVATION
650 ## - SUBJECT ADDED ENTRY--TOPICAL TERM
Topical term or geographic name entry element PROP LOADS
650 ## - SUBJECT ADDED ENTRY--TOPICAL TERM
Topical term or geographic name entry element EXCAVATION WORKS
690 ## - LOCAL SUBJECT ADDED ENTRY--TOPICAL TERM (OCLC, RLIN)
Topical term or geographic name as entry element BUILDING AND CONSTRUCTION-ENGINEERING
700 ## - ADDED ENTRY--PERSONAL NAME
Personal name Roscoe, Howard
942 ## - ADDED ENTRY ELEMENTS (KOHA)
Suppress in OPAC 0
Holdings
Withdrawn status Lost status Source of classification or shelving scheme Damaged status Not for loan Home library Current library Shelving location Date acquired Total Checkouts Full call number Barcode Date last seen Copy number Price effective from Koha item type
    Dewey Decimal Classification     London London Folio 07/02/2000   F624.152 TWI 30060679 06/08/2019 1 06/08/2019 Book